Movies Quiz

Random Movies or Box Office Quiz

Movies: Actors Highest Grossing II Quiz Stats

 Plays Quiz not verified by Sporcle

Score 0/54 Timer 08:00
0 Plays Today
Actor/Actress Movie % Correct
Uma ThurmanKill Bill Vol. 1 ($70.0)
93.8%
Ryan ReynoldsDeadpool ($363.0)
93.8%
Al PacinoThe Godfather ($134.9)
92.2%
Daniel Day-LewisLincoln ($182.2)
81.3%
Vince VaughnWedding Crashers ($209.2)
79.9%
Clive OwenSin City ($74.1)
74.8%
Seth RogenSuperbad ($121.4)
71.5%
Heath LedgerThe Dark Knight ($534.8)
70.6%
Sam WorthingtonAvatar ($760.5)
70.6%
Clint EastwoodGran Torino ($148.0)
70%
Ben KingsleyIron Man 3 ($409.0)
68.8%
Kevin JamesGrown Ups ($162.0)
67.9%
Richard GereChicago ($170.6)
67.9%
Ryan ReynoldsThe Proposal ($163.9)
62.8%
Michael DouglasAnt-Man ($180.2)
62.5%
Seth RogenKnocked Up ($148.7)
55.3%
Kevin JamesHitch ($179.4)
53.8%
Kevin BaconNational Lampoon's Animal House ($141.6)
53.2%
Jennifer GarnerDaredevil ($102.5)
52.9%
Sam WorthingtonTerminator Salvation ($125.3)
50.2%
Richard GerePretty Woman ($178.4)
44.4%
Heath LedgerBrokeback Mountain ($83.0)
43.8%
Heath LedgerThe Patriot ($113.3)
42.9%
Ryan ReynoldsX-Men Origins: Wolverine ($179.8)
42.6%
Kevin JamesPaul Blart: Mall Cop ($146.3)
39%
Clint EastwoodIn the Line of Fire ($102.3)
37.5%
Michael DouglasFatal Attraction ($156.6)
35.1%
Actor/Actress Movie % Correct
Cameron DiazThere's Something About Mary ($176.4)
34.5%
Michael DouglasTraffic ($124.1)
34.2%
Cameron DiazCharlie's Angels ($125.3)
33.9%
Clint EastwoodUnforgiven ($101.1)
33%
Kevin BaconApollo 13 ($173.8)
31.5%
Seth RogenNeighbors ($150.1)
31.3%
Richard GereRunaway Bride ($152.2)
30.6%
Kate BeckinsaleClick ($137.3)
27.9%
Kate BeckinsaleVan Helsing ($120.1)
26.7%
Clive OwenKing Arthur ($51.8)
26.4%
Vince VaughnThe Lost World: Jurassic Park ($229.0)
26.1%
Uma ThurmanPulp Fiction ($107.9)
26.1%
Al PacinoOcean's Thirteen ($117.1)
25.2%
Jennifer GarnerJuno ($143.4)
24.6%
Cameron DiazMy Best Friend's Wedding ($127.1)
23.7%
Uma ThurmanBatman & Robin ($107.3)
22.2%
Kate BeckinsalePearl Harbor ($198.5)
21%
Sam WorthingtonClash of the Titans ($163.2)
20.7%
Jennifer GarnerValentine's Day ($110.4)
20.4%
Clive OwenInside Man ($88.5)
19.8%
Ben KingsleyNight at the Museum: Secret of the Tomb ($113.7)
18.8%
Al PacinoDick Tracy ($103.7)
18%
Ben KingsleyShutter Island ($128.0)
17.7%
Daniel Day-LewisGangs of New York ($77.8)
14.4%
Kevin BaconX-Men: First Class ($146.4)
13.2%
Vince VaughnMr. & Mrs. Smith ($186.3)
9.9%
Daniel Day-LewisLast of the Mohicans ($75.5)
9.6%

You're not logged in!

Compare scores with friends on all Sporcle quizzes.
OR
Log In

Show Comments

Extras

Top Quizzes Today


Score Distribution

Your Account Isn't Verified!

In order to create a playlist on Sporcle, you need to verify the email address you used during registration. Go to your Sporcle Settings to finish the process.

Report this User

Report this user for behavior that violates our Community Guidelines.

Details: